| 000 | 00423nam a22001337a 4500 | ||
|---|---|---|---|
| 005 | 20160225151013.0 | ||
| 008 | 160225b xxu||||| |||| 00| 0 eng d | ||
| 040 | _cPK-LaUMT | ||
| 082 |
_aAMC 968.004 _bNAS- |
||
| 245 |
_aنسلی امتیاز _bحکومتیں اور تاریخی جعلسازی _cمحمد سعد شیخ(مترجم |
||
| 260 |
_aلاہور _bاسلامک بک سنٹر _c1989 |
||
| 300 | _a162 ص | ||
| 942 | _cBK | ||
| 999 |
_c83183 _d83183 |
||